000 00301nam a22001337a 4500
008 171018b xxu||||| |||| 00| 0 eng d
020 _a013548314
041 _aeng
080 _a338
100 _a53
101 _aMEN
245 _aMANAGMENT PRINCIPLES AND PRACTICES
_cHOLT.D.H
942 _2udc
_cBK
999 _c34607
_d34607